| 000 | 00444nam a2200157Ia 4500 | ||
|---|---|---|---|
| 003 | GCL | ||
| 008 | 140319s9999 xx 000 0 eng d | ||
| 040 |
_aGCL / _cGCL |
||
| 082 | 0 | 4 |
_a306.484 _bW R |
| 100 | 1 | _aWICKE, PETER | |
| 245 | 1 | 0 |
_aRock Music: Culture, Aesthetics and Sociology. / _cWICKE, PETER |
| 260 |
_a[S.N] : _bCAMLRIDGE UNIVERSITY PRESS ، _c1993 |
||
| 300 | _a228 | ||
| 650 | 0 | 4 | _aROCK MUSIC SOCIOLOGICAL PERSPE |
| 942 |
_2ddc _cBK |
||
| 999 |
_c17354 _d17354 |
||